000 00626nam a2200193 4500
003 OSt
005 20180423194957.0
008 160229b xxu||||| |||| 00| 0 eng d
020 _a9839747444
040 _c040a
082 _a310
_bUND 2000
245 _aSharing Innovative Experiences :
_bexamples of good practice in social policies, indigenous and traditional knowledge and apprppriate technology in the south
260 _aNew York;
_bTechnical cooperation,
_c2000
300 _aviii, 215p;
_bill :
_c12 cm.
504 _aincludes index
650 _aCreativity
_95784
650 _aTechnology
_91144
942 _2ddc
_cSLOAN
999 _c3107
_d3107